Religious Populations Quiz Stats

 Plays Quiz Updated Feb 23, 2019

Score 0/30 Timer 05:00
0 Plays Today
Religion Country % Correct
ChristianityUnited States
99.3%
JudaismUnited States
99%
SikhismUnited States
98.9%
HinduismIndia
98.3%
SikhismIndia
98.3%
IslamIndia
97.6%
BuddhismChina
97.2%
JudaismIsrael
92.3%
BuddhismJapan
92%
ChristianityBrazil
91.6%
ChristianityRussia
91.3%
IslamPakistan
90.3%
JudaismUnited Kingdom
89.9%
SikhismUnited Kingdom
89.6%
ChristianityMexico
87.9%
Religion Country % Correct
HinduismPakistan
85.9%
IslamIndonesia
85%
HinduismIndonesia
85%
JudaismFrance
84.6%
SikhismCanada
84.4%
JudaismCanada
84%
BuddhismThailand
75.4%
IslamBangladesh
74.8%
HinduismBangladesh
74.1%
HinduismNepal
72.1%
SikhismAustralia
63.4%
ChristianityPhilippines
62.6%
IslamNigeria
61.9%
BuddhismSri Lanka
59.5%
BuddhismMyanmar
58.9%

You're not logged in!

Compare scores with friends on all Sporcle quizzes.
OR
Log In

Sporcle TV

Today on Sporcle TV


Watch our educational content, quiz creation guides, and fun videos on Sporcle TV.

Show Comments

Extras

Top Quizzes Today


Score Distribution

Your Account Isn't Verified!

In order to create a playlist on Sporcle, you need to verify the email address you used during registration. Go to your Sporcle Settings to finish the process.

Report this User

Report this user for behavior that violates our Community Guidelines.

Details: